000 00476 a2200181 4500
001 067335
003 OSt
005 20211201152818.0
008
082 _a547.2
_bK12O
100 1 _aKalsi, P.S.
245 1 _aOrganic reactions and their mechanisms
_cby P.S. Kalsi
250 _a2nd ed.
260 _aNew Delhi
_bNew Age International
_c2008
300 _a650p.
690 _aChemical reactions; Chemistry, Organic
942 _2ddc
_cBK
999 _c1258
_d1258